000
00272nam a2200121Ia 4500
008
190216s9999||||xx |||||||||||||| ||und||
100
_a
Glinka N
245
0
_a
General Chemistry
260
_b
Peace Publications
_c
1992
300
_a
710p
650
_a
Chemistry
942
_c
BK
999
_c
1945
_d
1945